Bank Competition, Risk, and Asset Allocations /

We study a banking model in which banks invest in a riskless asset and compete in both deposit and risky loan markets. The model predicts that as competition increases, both loans and assets increase; however, the effect on the loans-to-assets ratio is ambiguous. Similarly, as competition increases,...

Descripción completa

Detalles Bibliográficos
Autor principal: Boyd, John
Otros Autores: De Nicolo, Gianni, Jalal, Abu M.
Formato: Revista
Lenguaje:English
Publicado: Washington, D.C. : International Monetary Fund, 2009.
Colección:IMF Working Papers; Working Paper ; No. 2009/143
Acceso en línea:Full text available on IMF
LEADER 02208cas a2200265 a 4500
001 AALejournalIMF005881
008 230101c9999 xx r poo 0 0eng d
020 |c 5.00 USD 
020 |z 9781451872903 
022 |a 1018-5941 
040 |a BD-DhAAL  |c BD-DhAAL 
100 1 |a Boyd, John. 
245 1 0 |a Bank Competition, Risk, and Asset Allocations /  |c John Boyd, Gianni De Nicolo, Abu M. Jalal. 
264 1 |a Washington, D.C. :  |b International Monetary Fund,  |c 2009. 
300 |a 1 online resource (35 pages) 
490 1 |a IMF Working Papers 
500 |a <strong>Off-Campus Access:</strong> No User ID or Password Required 
500 |a <strong>On-Campus Access:</strong> No User ID or Password Required 
506 |a Electronic access restricted to authorized BRAC University faculty, staff and students 
520 3 |a We study a banking model in which banks invest in a riskless asset and compete in both deposit and risky loan markets. The model predicts that as competition increases, both loans and assets increase; however, the effect on the loans-to-assets ratio is ambiguous. Similarly, as competition increases, the probability of bank failure can either increase or decrease. We explore these predictions empirically using a cross-sectional sample of 2,500 U.S. banks in 2003, and a panel data set of about 2600 banks in 134 non-industrialized countries for the period 1993-2004. With both samples, we find that banks' probability of failure is negatively and significantly related to measures of competition, and that the loan-to-asset ratio is positively and significantly related to measures of competition. Furthermore, several loan loss measures commonly employed in the literature are negatively and significantly related to measures of bank competition. Thus, there is no evidence of a trade-off between bank competition and stability, and bank competition seems to foster banks' willingness to lend. 
538 |a Mode of access: Internet 
700 1 |a De Nicolo, Gianni. 
700 1 |a Jalal, Abu M. 
830 0 |a IMF Working Papers; Working Paper ;  |v No. 2009/143 
856 4 0 |z Full text available on IMF  |u http://elibrary.imf.org/view/journals/001/2009/143/001.2009.issue-143-en.xml  |z IMF e-Library